Vishdhar Bhujang Katha (Record no. 52428)

MARC details
000 -LEADER
fixed length control field 00651nam a22001937a 4500
003 - CONTROL NUMBER IDENTIFIER
control field OSt
008 - FIXED-LENGTH DATA ELEMENTS--GENERAL INFORMATION
fixed length control field 260629b |||||||| |||| 00| 0 eng d
020 ## - INTERNATIONAL STANDARD BOOK NUMBER
International Standard Book Number 9788196224905
082 ## - DEWEY DECIMAL CLASSIFICATION NUMBER
Classification number 891.43308
Item number M95V
100 ## - MAIN ENTRY--PERSONAL NAME
Personal name Mukherjee, Prof. Aashish Kumar
245 ## - TITLE STATEMENT
Title Vishdhar Bhujang Katha
Remainder of title Pauraanik Maanyata Se Vaigyaanik Drshtikon Tak
Statement of responsibility, etc. Mukherjee, Prof. Aashish Kumar
260 ## - PUBLICATION, DISTRIBUTION, ETC. (IMPRINT)
Place of publication, distribution, etc Guwahit, Asam
Name of publisher, distributor, etc Institute of Advanced Study in Science and Technology
Date of publication, distribution, etc 2023
300 ## - PHYSICAL DESCRIPTION
Extent vi., 164p.
650 ## - SUBJECT ADDED ENTRY--TOPICAL TERM
Topical term or geographic name as entry element Snakes $x Mythology.
650 ## - SUBJECT ADDED ENTRY--TOPICAL TERM
Topical term or geographic name as entry element Venomous snakes $z India.
650 ## - SUBJECT ADDED ENTRY--TOPICAL TERM
Topical term or geographic name as entry element Snake venoms $x Research.
650 ## - SUBJECT ADDED ENTRY--TOPICAL TERM
Topical term or geographic name as entry element Mythology, Indic.
942 ## - ADDED ENTRY ELEMENTS (KOHA)
Source of classification or shelving scheme
Koha item type Books
Holdings
Withdrawn status Lost status Source of classification or shelving scheme Damaged status Not for loan Home library Current library Shelving location Date acquired Source of acquisition Currency Cost, normal purchase price Total Checkouts Full call number Barcode Date last seen Bill Date Koha item type Public note Bill Number
          Dr. Rajendra Prasad Central Agricultural University Pusa, Dr. Rajendra Prasad Central Agricultural University Pusa, General Stacks 29/06/2026 TTPP, New Delhi INR 1200.00   891.43308 M95V 87705 29/06/2026 29/01/2026 Books Hindi Medium book IN-00449
Hosted, Implemented, Customized & Maintained by: BestBookBuddies

Powered by Koha